00704nam a2200241 a 4500001001300000003000900013005001700022008004100039020001300080082001700093100001900110245004900129260003700178300000900215500003500224505001000259650002700269700001900296902000800315942000700323952011700330999001500447nice12345678IN_TiNIC20260116012052.0050524s1962 lona grp 000 0 eng  ac607.0200a232.904bPOW aPowell, Gordon aNew Solutions to Difficult Sayings of Jesus. aLondonbHodder & Stoughtonc1962 a120p aincludes index and biblioraphy2 aIndex aJesus Christ-Teachings1 aPowell, Gordon bSRS cBK 001040708StackRoom-aHMIbHMId2007-06-19g607.02l0o232.904 POWp06597r2007-06-19v607.02w2005-05-24yBK c5510d5510